000 00437nam a2200145Ia 4500
008 210210b1980 xxu||||| |||| 00| 0 eng d
082 _a375.6137 KRIE
100 _aKRISHNAMURTHY (V) & RAM (N Parameswara).
245 _aEducational dimensions of physical education.
260 _aNew Delhi.
_bSterling Publishers Pvt Ltd.,
_c1980
300 _axvi,249
650 _aPhysical education
690 _aPhysical Education
906 _a035586
999 _c86379
_d86379